សទ្ទនុក្រម ធរណីវិទ្យា (Record no. 8460)
[ view plain ]
| 000 -LEADER | |
|---|---|
| fixed length control field | 00251nam a22001097a 4500 |
| 040 ## - CATALOGING SOURCE | |
| Transcribing agency | SK |
| 082 ## - DEWEY DECIMAL CLASSIFICATION NUMBER | |
| Classification number | 039 |
| 100 ## - MAIN ENTRY--AUTHOR NAME | |
| Personal name | TRAN Canh |
| 245 ## - TITLE STATEMENT | |
| Title | សទ្ទនុក្រម ធរណីវិទ្យា |
| 260 ## - PUBLICATION, DISTRIBUTION, ETC. (IMPRINT) | |
| Place of publication | Paris |
| Name of publisher | TRA |
| Year of publication | 1977 |
| 942 ## - ADDED ENTRY ELEMENTS (KOHA) | |
| Koha item type | សៀវភៅភាសាអង់គ្លេស |
| 952 ## - LOCATION AND ITEM INFORMATION (KOHA) | |
| Withdrawn status [LOCAL, KOHA] | 0 |
| Permanent Location | Date acquired | Koha item type | Lost status | Shelving location | Barcode | Current Location | Full call number |
|---|---|---|---|---|---|---|---|
| Library Block C | 2016-08-02 | សៀវភៅភាសាអង់គ្លេស | C041 | RUA062105 | Library Block C | 039 TRA 1977 C041 |